|
|
|
|
| LEADER |
01352nam a2200337 a 4500 |
| 001 |
17120468 |
| 008 |
120305s2011 waua 001 0 eng d |
| 010 |
|
|
|a 2011276503
|
| 020 |
|
|
|a 9780735639010 (pbk.)
|
| 020 |
|
|
|a 0735639019 (pbk.)
|
| 040 |
|
|
|a UKM
|c UKM
|d BTCTA
|d YDXCP
|d DAD
|d CLE
|d UKMGB
|d DLC
|c BD-DhAAL
|
| 082 |
0 |
4 |
|a 006.78
|2 22
|
| 100 |
1 |
|
|a Kosinska, Elena.
|
| 245 |
1 |
0 |
|a Microsoft Expression Blend 4 step by step /
|c Elena Kosinska, Chris Leeds.
|
| 260 |
|
|
|a Redmond, Wash. :
|b Microsoft ;
|a Sebastopol, CA :
|b O'Reilly,
|c 2011.
|
| 300 |
|
|
|a xxvii, 397 p. :
|b ill. ;
|c 23 cm.
|
| 490 |
1 |
|
|a Step by step
|
| 500 |
|
|
|a Includes index.
|
| 541 |
1 |
|
|e 00024520
|
| 630 |
0 |
0 |
|a Microsoft Expression blend.
|
| 630 |
0 |
7 |
|a Microsoft Expression blend (Computer software)
|2 sears
|
| 650 |
|
0 |
|a Graphical user interfaces (Computer systems)
|
| 650 |
|
0 |
|a Web sites
|x Authoring programs.
|
| 650 |
|
0 |
|a Application software
|x Development.
|
| 650 |
|
7 |
|a Application software
|x Design.
|2 sears
|
| 650 |
|
7 |
|a Web sites
|x Design.
|2 sears
|
| 700 |
1 |
|
|a Leeds, Chris.
|
| 830 |
|
0 |
|a Step by step (Redmond, Wash.)
|
| 852 |
1 |
|
|a Ayesha Abed Library
|j General shelf
|
| 999 |
|
|
|c 11934
|d 11934
|
| 952 |
|
|
|0 0
|1 0
|4 0
|6 006_780000000000000_KOS
|7 0
|9 19590
|a BRACUL
|b BRACUL
|c GEN
|d 2012-03-05
|e Trim Education
|g 3275.00
|l 1
|m 15
|o 006.78 KOS
|p 3010024520
|r 2014-01-16
|s 2013-08-31
|t 1
|w 2012-03-05
|y BK
|